000
00320nam a2200133Ia 4500
005
20251222143249.0
008
251222s9999||||xx |||||||||||||| ||spa||
020
_a
987-500-087-6
082
_a
371.337/A33
100
_a
Aizencang, Noemí
245
0
_a
Jugar, Aprender y Enseíar:
264
_b
Manantial
942
_c
LIB
999
_c
14903
_d
14903